Statistics for The Ultimate Targaryen Quiz

Click here to take the quiz!

General Stats

  • This quiz has been taken 1,141 times
  • The average score is 16 of 21

Answer Stats

HintAnswer% Correct
What was the name of the Mad King?Aerys Targaryen
93%
What is the name of the Maester at Castle Black?Aemon Targaryen
92%
What is House Targaryen's sigil?Dragon
88%
Who was the eldest son of the Mad King?Rhaegar Targaryen
88%
Who was the youngest son of the Mad King?Viserys Targaryen
88%
Who is the daughter of the Mad King?Daenerys Targaryen
87%
What name was given to the Mad King's daughter's red and black dragon?Drogon
85%
Who did the Mad King's daughter marry?Khal Drogo
85%
What are House Targaryen's words?Fire and Blood
83%
House Targaryen are the lords of where?Dragonstone
82%
What is the name of their son?Aegon Targaryen
81%
Who did the Mad King's eldest son marry?Elia Martell
80%
What name was given to her cream and gold dragon?Viserion
79%
What name was given to her green dragon?Rhaegal
77%
What was their son's name?Rhaego
72%
What was the name of the dragon ridden by Aegon the Conquerer?Balerion
69%
Who was the Mad King's Queen?Rhaella Targaryen
62%
What was the name of their daughter?Rhaenys Targaryen
61%
What was the name of the dragon ridden by his other sister Rhaenys?Meraxes
58%
What was the name of the dragon ridden by his sister Visenya?Vhagar
50%
Who was the Mad King's brother?Duncan Targaryen
13%

Score Distribution

Percentile by Number Answered

Percent of People with Each Score

Your Score History

You have not taken this quiz